| 000 | 00616nam a2200205 i 4500 | ||
|---|---|---|---|
| 001 | 105577 | ||
| 003 | ES-MaACL | ||
| 007 | t| | ||
| 008 | 060726s1959 ag ||||1| spa d | ||
| 080 | _a821.134.2-31"19" | ||
| 100 | 0 |
_aBastid, Ricardo, _d1919-1966 _926367 |
|
| 245 | 1 | 0 |
_aPuerta del Sol / _cRicardo Bastid. |
| 260 |
_aBuenos Aires : _bLosada, _c[1959] |
||
| 300 |
_a299 p. ; _c21 cm. |
||
| 490 | 1 | _aNovelistas de España y América | |
| 500 | _aBiblioteca Juan Andrade. | ||
| 830 | 0 |
_aNovelistas de España y América _9185060 |
|
| 852 |
_aES-MaACL _jAND-384 _bR.109688 |
||
| 999 |
_c105577 _d105577 |
||